The pearson guide to the Bank Clerical Recruitment Examination/ (Record no. 76556)

MARC details
000 -LEADER
fixed length control field 00698nam a22001937a 4500
005 - DATE AND TIME OF LATEST TRANSACTION
control field 20130610164129.0
010 ## - LCCN (DPL NO)
LC control number B-524174-175
020 ## - INTERNATIONAL STANDARD BOOK NUMBER
International Standard Book Number 9788131733691
Terms of availability 250.00
035 ## - SYSTEM CONTROL NUMBER
System control number B-524174-175
037 ## - SOURCE OF ACQUISITION
Stock number dpl
Source of stock number/acquisition K.K.Pub/Ven
082 ## - DEWEY DECIMAL CLASSIFICATION NUMBER
Classification number 000
100 ## - MAIN ENTRY--PERSONAL NAME
Personal name Thorpe, Edgar
245 ## - TITLE STATEMENT
Title The pearson guide to the Bank Clerical Recruitment Examination/
Statement of responsibility, etc by Edgar Thorpe and Showick Thorpe
260 ## - PUBLICATION, DISTRIBUTION, ETC. (IMPRINT)
Place of publication, distribution, etc New Dekhi
Name of publisher, distributor, etc Pearson
Date of publication, distribution, etc 2010
270 ## - ADDRESS
Address 11 Community Centre, Panchsheel park,
City New Delhi
Postal code 110017
300 ## - PHYSICAL DESCRIPTION
Extent 671p.
Other physical details ill.
Dimensions 23cm(pbk)
942 ## - ADDED ENTRY ELEMENTS (KOHA)
Source of classification or shelving scheme Dewey Decimal Classification
Item type English Books
Classification part 000
Call number suffix THO
Holdings
Withdrawn status Lost status Not for loan Collection code Home library Current library Date acquired Source of acquisition Cost, normal purchase price Full call number Barcode Copy number Cost, replacement price Koha item type
      Non-fiction Sarojini Nagar Sarojini Nagar 10/06/2013 K.K.Pub/BL3096/07.04.2013/172/08.03.2013/16.5.2013 250.00 000 THO B-524174 1 250.00 English Books
    Not For Loan Reference Sarojini Nagar Sarojini Nagar 10/06/2013 K.K.Pub/BL3096/07.04.2013/172/08.03.2013/16.5.2013 250.00 000 THO B-524175 1 250.00 English Books

© Delhi Public Library
Hit Counter
free hit counter